000
00230nam a2200097Ia 4500
003
GCL
008
140319s9999 xx 000 0 ara d
040
_a
GCL /
_c
GCL
082
0
4
_a
1
_b
ص ق ء)
245
1
0
_a
6.1\ق م X)
999
_c
59192
_d
59192